Normal view
MARC view
- Berenstain,S.etal.
Entry Personal Name
001 - CONTROL NUMBER
- control field: 6188
003 - CONTROL NUMBER IDENTIFIER
- control field: OSt
005 - DATE AND TIME OF LATEST TRANSACTION
- control field: 20180212142948.0
008 - FIXED-LENGTH DATA ELEMENTS
- fixed length control field: 180212|| aca||aabn | a|a d
040 ## - CATALOGING SOURCE
- Original cataloging agency: OSt
- Transcribing agency: OSt
100 ## - HEADING--PERSONAL NAME
- Personal name: Berenstain,S.etal.
670 ## - SOURCE DATA FOUND
- Source citation: Work cat.: (OSt): Berenstain,S.etal., The Berenstain Bears and the Spooky Old Tree, 1978